[Event "Kyiv op U16"]
[Site "Kyiv UKR"]
[Date "2021.07.20"]
[Round "3.4"]
[White "Tobak, Mikhail"]
[Black "Keleberda, Tymur"]
[Result "1-0"]
[WhiteElo "2067"]
[BlackElo "2168"]
[WhiteFideId "-1"]
[BlackFideId "-1"]
[PlyCount "49"]
[GameId "2130307585556929"]
[EventDate "2021.07.20"]
[EventType "swiss"]
[EventRounds "9"]
[EventCountry "UKR"]
[SourceTitle "10 Days #658"]
[Source "ChessMix"]
[SourceDate "2021.08.01"]
[SourceVersion "1"]
[SourceVersionDate "2021.08.01"]
[SourceQuality "1"]

1. e4 c5 2. Nf3 d6 3. c3 Nf6 4. Bd3 d5 5. e5 Nfd7 6. Bc2 Nc6 7. d4 e6 8. a3 cxd4 9. cxd4 f6 10. Ng5 Qa5+ 11. Bd2 Qb6 12. Nxe6 Nxd4 13. Nxd4 Qxd4 14. Qh5+ g6 15. Bxg6+ hxg6 16. Qxh8 Nxe5 17. O-O Kf7 18. Qh7+ Ke6 19. Qg8+ Kf5 20. Qxf8 Qg4 21. f4 Nc4 22. Bc3 Be6 23. Qxf6+ Ke4 24. Qd4+ Kf5 25. Qd3# 1-0

[Event "Kyiv op U16"]
[Site "Kyiv UKR"]
[Date "2021.07.21"]
[Round "9.3"]
[White "Bazakutsa, Svyatoslav"]
[Black "Keleberda, Tymur"]
[Result "1-0"]
[WhiteElo "2144"]
[BlackElo "2168"]
[WhiteFideId "-1"]
[BlackFideId "-1"]
[PlyCount "56"]
[GameId "2129404733727827"]
[EventDate "2021.07.20"]
[EventType "swiss"]
[EventRounds "9"]
[EventCountry "UKR"]
[SourceTitle "10 Days #658"]
[Source "ChessMix"]
[SourceDate "2021.08.01"]
[SourceVersion "1"]
[SourceVersionDate "2021.08.01"]
[SourceQuality "1"]
[TimeControl "900+5"]

1. c4 {[%emt 0:00:01]} c5 {[%emt 0:00:01]} 2. Nf3 {[%emt 0:00:01]} g6 {[%emt 0:00:05]} 3. d4 {[%emt 0:00:02]} cxd4 {[%emt 0:00:03]} 4. Nxd4 {[%emt 0:00:01]} Nf6 {[%emt 0:00:02]} 5. Nc3 {[%emt 0:00:02]} Bg7 {[%emt 0:00:01]} 6. e4 {[%emt 0:00:01]} d6 {[%emt 0:00:05]} 7. h3 {[%emt 0:00:01]} Nc6 {[%emt 0:00:18]} 8. Be3 {[%emt 0:00:03]} O-O {[%emt 0:00:45]} 9. Be2 {[%emt 0:00:01]} e5 {[%emt 0:00:39]} 10. Ndb5 {[%emt 0:02:09]} Ne8 {[%emt 0:00:40]} 11. Nd5 {[%emt 0:01:28]} f5 {[%emt 0:00:39]} 12. exf5 {[%emt 0:00:38]} gxf5 {[%emt 0:00:03]} 13. g4 {[%emt 0:02:29]} f4 {[%emt 0:00:52]} 14. Bd2 {[%emt 0:00:01]} a6 {[%emt 0:00:40]} 15. Nbc3 {[%emt 0:00:03]} Nd4 {[%emt 0:00:08]} 16. f3 {[%emt 0:00:12]} Qh4+ {[%emt 0:02:09]} 17. Kf1 {[%emt 0:00:02]} Bxg4 {[%emt 0:00:15]} 18. fxg4 {[%emt 0:03:22]} f3 {[%emt 0:00:01]} 19. Bd3 {[%emt 0:00:04]} Qg3 {[%emt 0:00:01]} 20. Ne3 {[%emt 0:00:06]} Bh6 {[%emt 0:00:01]} 21. g5 {[%emt 0:00:53]} Bxg5 {[%emt 0:00:17]} 22. Ne4 {[%emt 0:00:09]} Nf5 {[%emt 0:01:50]} 23. Nxg3 {[%emt 0:00:46]} Nxg3+ {[%emt 0:00:04]} 24. Kf2 {[%emt 0:00:02]} Nxh1+ {[%emt 0:00:02]} 25. Qxh1 {[%emt 0:00:02]} Bh4+ {[%emt 0:00:01]} 26. Kf1 {[%emt 0:00:04]} Nf6 {[%emt 0:00:05]} 27. Nf5 {[%emt 0:00:19]} Nh5 {[%emt 0:00:35]} 28. Qxf3 {[%emt 0:00:32]} Kh8 1-0

[Event "Elitzur int. Online"]
[Site "chess.com INT"]
[Date "2020.11.01"]
[Round "4"]
[White "Keleberda, Tymur"]
[Black "Farafonov, Yuriy"]
[Result "1-0"]
[WhiteElo "1994"]
[BlackElo "1631"]
[WhiteFideId "-1"]
[BlackFideId "-1"]
[PlyCount "63"]
[GameId "2130307592028053"]
[EventDate "2020.11.01"]
[EventType "swiss (blitz)"]
[EventRounds "11"]
[EventCountry "NET"]
[SourceTitle "The Week in Chess 1356"]
[Source "Mark Crowther"]
[SourceDate "2020.11.02"]
[SourceVersion "1"]
[SourceVersionDate "2020.11.02"]
[SourceQuality "2"]

1. e4 e6 2. d3 d5 3. Nd2 Nc6 4. Ngf3 dxe4 5. dxe4 g6 6. c3 Bg7 7. Qc2 Nge7 8. g3 O-O 9. Bg2 f5 10. O-O fxe4 11. Nxe4 Qe8 12. Re1 Nd5 13. Bg5 h6 14. Bd2 Kh7 15. Rad1 Bd7 16. h4 Nce7 17. h5 Nf5 18. g4 Nfe7 19. Nh4 Nf4 20. Bxf4 Rxf4 21. Nxg6 Nxg6 22. Ng3 e5 23. Be4 Bxg4 24. Bxg6+ Kh8 25. Bxe8 Rxe8 26. Qg6 Ref8 27. Rd2 Bf5 28. Nxf5 R4xf5 29. Kf1 c6 30. Rd7 Rxf2+ 31. Kg1 Bf6 32. Qh7# 1-0

[Event "Elitzur int. Online"]
[Site "chess.com INT"]
[Date "2020.11.01"]
[Round "5"]
[White "Osmak, Iulija"]
[Black "Keleberda, Tymur"]
[Result "1-0"]
[WhiteElo "2438"]
[BlackElo "1994"]
[WhiteFideId "-1"]
[BlackFideId "-1"]
[PlyCount "57"]
[GameId "2130307592028068"]
[EventDate "2020.11.01"]
[EventType "swiss (blitz)"]
[EventRounds "11"]
[EventCountry "NET"]
[SourceTitle "The Week in Chess 1356"]
[Source "Mark Crowther"]
[SourceDate "2020.11.02"]
[SourceVersion "1"]
[SourceVersionDate "2020.11.02"]
[SourceQuality "2"]

1. c4 c6 2. d4 d5 3. cxd5 cxd5 4. Nc3 Nf6 5. Bf4 Nc6 6. e3 Bf5 7. Qb3 Na5 8. Qa4+ Bd7 9. Qc2 e6 10. Bd3 Rc8 11. Nf3 Qb6 12. O-O Be7 13. Ne5 a6 14. Qe2 O-O 15. Rac1 Rfd8 16. Bg5 Be8 17. Ng4 Nc4 18. Nxf6+ Bxf6 19. Bxf6 gxf6 20. b3 Nd6 21. Qg4+ Kh8 22. Qh4 f5 23. Qf6+ Kg8 24. f4 Bb5 25. Nxb5 axb5 26. Rxc8 Rxc8 27. Rf3 Ne8 28. Qh6 Qa5 29. Rg3+ 1-0

[Event "Elitzur int. Online"]
[Site "chess.com INT"]
[Date "2020.11.01"]
[Round "7"]
[White "Diachek, Andriy"]
[Black "Keleberda, Tymur"]
[Result "1-0"]
[WhiteElo "1342"]
[BlackElo "1994"]
[WhiteFideId "-1"]
[BlackFideId "-1"]
[PlyCount "71"]
[GameId "2130307592028100"]
[EventDate "2020.11.01"]
[EventType "swiss (blitz)"]
[EventRounds "11"]
[EventCountry "NET"]
[SourceTitle "The Week in Chess 1356"]
[Source "Mark Crowther"]
[SourceDate "2020.11.02"]
[SourceVersion "1"]
[SourceVersionDate "2020.11.02"]
[SourceQuality "2"]

1. e4 e6 2. d4 d5 3. Nd2 c5 4. exd5 Qxd5 5. dxc5 Bxc5 6. Ngf3 Nf6 7. Bc4 Qd8 8. O-O O-O 9. Nb3 Bd6 10. Bg5 Be7 11. Qe2 a6 12. Rad1 Qa5 13. Nxa5 b5 14. Bd3 Bb4 15. Nb3 Bb7 16. Bxf6 gxf6 17. Be4 Nc6 18. Rd7 Rab8 19. Rxb7 Rxb7 20. Bxc6 Rc7 21. Be4 f5 22. Bd3 Bd6 23. Ng5 h6 24. Nf3 Ra8 25. Nh4 Kg7 26. Bxf5 Rg8 27. Qh5 Be7 28. Bd3 Bg5 29. f4 Bf6 30. c3 Rd7 31. Rf3 Rh8 32. Nc5 Rd5 33. Qg4+ Kf8 34. Ne4 Rg8 35. Qxg8+ Kxg8 36. Nxf6+ 1-0

[Event "Elitzur int. Online"]
[Site "chess.com INT"]
[Date "2020.11.01"]
[Round "10"]
[White "Keleberda, Tymur"]
[Black "Mitusov, Semen"]
[Result "0-1"]
[WhiteElo "1994"]
[BlackElo "2306"]
[WhiteFideId "-1"]
[BlackFideId "-1"]
[PlyCount "48"]
[GameId "2130307592032243"]
[EventDate "2020.11.01"]
[EventType "swiss (blitz)"]
[EventRounds "11"]
[EventCountry "NET"]
[SourceTitle "The Week in Chess 1356"]
[Source "Mark Crowther"]
[SourceDate "2020.11.02"]
[SourceVersion "1"]
[SourceVersionDate "2020.11.02"]
[SourceQuality "2"]

1. e4 e5 2. Nf3 Nc6 3. Bc4 Bc5 4. O-O Nf6 5. Re1 d6 6. h3 h6 7. c3 Qe7 8. Qc2 g5 9. d4 Bb6 10. dxe5 dxe5 11. Be3 Rg8 12. Bxb6 axb6 13. Nh2 g4 14. hxg4 Nxg4 15. Nxg4 Bxg4 16. Re3 O-O-O 17. Nd2 h5 18. b4 h4 19. Nf1 Qg5 20. Nh2 Bf3 21. g3 hxg3 22. Nxf3 gxf2+ 23. Kxf2 Qg2+ 24. Ke1 Qxc2 0-1

[Event "Mukachevo Christmas op"]
[Site "Mukachevo UKR"]
[Date "2020.01.09"]
[Round "2.6"]
[White "Keleberda, Tymur"]
[Black "Gabor, Mariya"]
[Result "1-0"]
[WhiteElo "1939"]
[BlackElo "1404"]
[WhiteFideId "-1"]
[BlackFideId "-1"]
[PlyCount "49"]
[GameId "2129404750129796"]
[EventDate "2020.01.09"]
[EventType "swiss"]
[EventRounds "9"]
[EventCountry "UKR"]
[SourceTitle "10 Days #603"]
[Source "ChessMix"]
[SourceDate "2020.01.20"]
[SourceVersion "1"]
[SourceVersionDate "2020.01.20"]
[SourceQuality "1"]

1. d4 {[%emt 0:00:08]} d5 {[%emt 0:00:09]} 2. c4 {[%emt 0:00:05]} e6 {[%emt 0:00:08]} 3. Nc3 {[%emt 0:00:06]} c5 {[%emt 0:00:10]} 4. cxd5 {[%emt 0:01:09]} exd5 {[%emt 0:00:37]} 5. Nf3 {[%emt 0:00:08]} Nc6 {[%emt 0:01:18]} 6. Bg5 {[%emt 0:02:13]} Be7 {[%emt 0:02:05]} 7. Bxe7 {[%emt 0:00:12]} Ngxe7 {[%emt 0:00:12]} 8. e3 {[%emt 0:00:40]} c4 {[%emt 0:01:46]} 9. Be2 {[%emt 0:00:49]} O-O {[%emt 0:00:15]} 10. O-O {[%emt 0:00:13]} Bf5 {[%emt 0:01:46]} 11. b3 {[%emt 0:01:34]} cxb3 {[%emt 0:01:11]} 12. Qxb3 {[%emt 0:00:05]} Na5 {[%emt 0:00:43]} 13. Qa3 {[%emt 0:01:14]} Rc8 {[%emt 0:01:15]} 14. Nb5 {[%emt 0:02:50]} a6 {[%emt 0:05:56]} 15. Nd6 {[%emt 0:01:13]} Rc2 {[%emt 0:02:02]} 16. Nxf5 {[%emt 0:00:25]} Nxf5 {[%emt 0:03:02]} 17. Bd3 {[%emt 0:00:27]} Nc4 {[%emt 0:08:25]} 18. Qa4 {[%emt 0:00:26]} Nh4 {[%emt 0:18:21]} 19. Qxc2 {[%emt 0:01:13]} Nxf3+ {[%emt 0:00:26]} 20. gxf3 {[%emt 0:00:05]} Qh4 {[%emt 0:00:43]} 21. Bxc4 {[%emt 0:01:14]} dxc4 {[%emt 0:00:06]} 22. Qe4 {[%emt 0:00:28]} Qh6 {[%emt 0:00:29]} 23. Qxb7 {[%emt 0:00:27]} f5 {[%emt 0:01:37]} 24. Kh1 {[%emt 0:01:00]} Qh3 {[%emt 0:04:16]} 25. Rg1 {[%emt 0:00:35]} 1-0

[Event "Mukachevo Christmas op"]
[Site "Mukachevo UKR"]
[Date "2020.01.10"]
[Round "3.5"]
[White "Zhukovskyi, Myhaylo"]
[Black "Keleberda, Tymur"]
[Result "0-1"]
[WhiteElo "1587"]
[BlackElo "1939"]
[WhiteFideId "-1"]
[BlackFideId "-1"]
[PlyCount "52"]
[GameId "2129404750129805"]
[EventDate "2020.01.09"]
[EventType "swiss"]
[EventRounds "9"]
[EventCountry "UKR"]
[SourceTitle "10 Days #603"]
[Source "ChessMix"]
[SourceDate "2020.01.20"]
[SourceVersion "1"]
[SourceVersionDate "2020.01.20"]
[SourceQuality "1"]

1. e4 c5 {[%emt 0:00:04]} 2. Nf3 {[%emt 0:00:09]} e6 {[%emt 0:00:07]} 3. d4 {[%emt 0:03:44]} cxd4 {[%emt 0:00:34]} 4. Nxd4 Nf6 {[%emt 0:00:09]} 5. Nc3 {[%emt 0:01:20]} Nc6 {[%emt 0:00:41]} 6. Nxc6 {[%emt 0:05:15]} bxc6 {[%emt 0:00:21]} 7. e5 {[%emt 0:00:14]} Nd5 8. Ne4 {[%emt 0:03:53]} Qc7 {[%emt 0:00:08]} 9. f4 {[%emt 0:00:31]} Qb6 10. c4 {[%emt 0:05:14]} Ne3 {[%emt 0:00:41]} 11. Qd2 {[%emt 0:06:41]} Bb4 {[%emt 0:02:30]} 12. Nc3 {[%emt 0:00:36]} Nxf1 {[%emt 0:01:28]} 13. Rxf1 {[%emt 0:00:44]} Ba6 {[%emt 0:04:58]} 14. b3 {[%emt 0:00:28]} d5 {[%emt 0:01:29]} 15. exd6 {[%emt 0:01:02]} O-O-O {[%emt 0:01:35]} 16. Rf3 {[%emt 0:01:23]} Qg1+ {[%emt 0:04:03]} 17. Rf1 Qxh2 {[%emt 0:00:11]} 18. Bb2 {[%emt 0:00:51]} Qg3+ {[%emt 0:00:21]} 19. Ke2 {[%emt 0:01:07]} Qxg2+ {[%emt 0:01:50]} 20. Rf2 {[%emt 0:00:14]} Qg4+ {[%emt 0:00:10]} 21. Rf3 {[%emt 0:01:31]} Rxd6 {[%emt 0:01:38]} 22. Qe3 {[%emt 0:00:14]} Rhd8 {[%emt 0:01:11]} 23. Rd1 {[%emt 0:02:23]} Rxd1 {[%emt 0:00:10]} 24. Nxd1 {[%emt 0:00:12]} Rd2+ {[%emt 0:00:09]} 25. Ke1 {[%emt 0:00:57]} Rxb2+ {[%emt 0:00:16]} 26. Nc3 {[%emt 0:00:39]} Qh4+ {[%emt 0:01:11]} 0-1

[Event "Mukachevo Christmas op"]
[Site "Mukachevo UKR"]
[Date "2020.01.10"]
[Round "4.4"]
[White "Keleberda, Tymur"]
[Black "Kovalskyi, Roman"]
[Result "1-0"]
[WhiteElo "1939"]
[BlackElo "1720"]
[WhiteFideId "-1"]
[BlackFideId "-1"]
[PlyCount "77"]
[GameId "2129404750129813"]
[EventDate "2020.01.09"]
[EventType "swiss"]
[EventRounds "9"]
[EventCountry "UKR"]
[SourceTitle "10 Days #603"]
[Source "ChessMix"]
[SourceDate "2020.01.20"]
[SourceVersion "1"]
[SourceVersionDate "2020.01.20"]
[SourceQuality "1"]

1. d4 Nf6 {[%emt 0:00:32]} 2. c4 {[%emt 0:00:15]} g6 {[%emt 0:00:49]} 3. Nc3 {[%emt 0:00:21]} d5 {[%emt 0:00:31]} 4. cxd5 {[%emt 0:00:44]} Nxd5 {[%emt 0:01:05]} 5. e4 Nxc3 {[%emt 0:00:59]} 6. bxc3 Bg7 {[%emt 0:00:48]} 7. Bc4 {[%emt 0:01:07]} O-O {[%emt 0:01:01]} 8. Ne2 {[%emt 0:02:16]} c5 {[%emt 0:01:43]} 9. O-O {[%emt 0:00:52]} Nc6 {[%emt 0:02:49]} 10. Bb2 {[%emt 0:01:18]} Qa5 {[%emt 0:01:58]} 11. Qb3 {[%emt 0:02:55]} Rb8 {[%emt 0:02:09]} 12. a4 {[%emt 0:02:23]} Qc7 {[%emt 0:03:33]} 13. Bd3 {[%emt 0:21:03]} Rd8 {[%emt 0:08:50]} 14. Rac1 {[%emt 0:09:20]} e5 {[%emt 0:04:01]} 15. Rfd1 {[%emt 0:22:04]} Na5 {[%emt 0:11:11]} 16. Qa2 c4 17. Bc2 Be6 18. d5 {[%emt 0:00:39]} Bg4 {[%emt 0:02:31]} 19. f3 {[%emt 0:00:57]} Bd7 {[%emt 0:02:27]} 20. Rb1 {[%emt 0:01:11]} a6 {[%emt 0:01:09]} 21. Ba3 {[%emt 0:01:40]} b5 {[%emt 0:00:47]} 22. Bb4 {[%emt 0:00:06]} Nb7 {[%emt 0:00:54]} 23. axb5 {[%emt 0:02:32]} axb5 {[%emt 0:00:42]} 24. Ra1 {[%emt 0:00:58]} Ra8 {[%emt 0:01:15]} 25. Qxa8 {[%emt 0:00:29]} Rxa8 {[%emt 0:00:28]} 26. Rxa8+ Bc8 {[%emt 0:00:04]} 27. d6 {[%emt 0:01:26]} Qd7 {[%emt 0:00:28]} 28. Rd5 {[%emt 0:00:47]} f6 {[%emt 0:02:15]} 29. f4 {[%emt 0:08:45]} Kf7 30. Kf1 {[%emt 0:00:53]} Qc6 31. Rd1 {[%emt 0:00:08]} Nxd6 {[%emt 0:01:22]} 32. Rda1 {[%emt 0:00:47]} Bb7 {[%emt 0:08:01]} 33. Rd8 {[%emt 0:00:08]} Nxe4 {[%emt 0:01:13]} 34. Rad1 {[%emt 0:00:25]} Nd2+ {[%emt 0:01:13]} 35. Ke1 {[%emt 0:00:51]} Qxg2 {[%emt 0:00:40]} 36. Kxd2 {[%emt 0:00:32]} Bf3 {[%emt 0:00:28]} 37. Kc1 {[%emt 0:00:38]} e4 {[%emt 0:00:25]} 38. R1d7+ {[%emt 0:00:25]} Ke6 {[%emt 0:00:05]} 39. Nd4# {[%emt 0:00:05]} 1-0

[Event "Mukachevo Christmas op"]
[Site "Mukachevo UKR"]
[Date "2020.01.11"]
[Round "5.1"]
[White "Keleberda, Tymur"]
[Black "Petrovskiy, Vadim"]
[Result "0-1"]
[WhiteElo "1939"]
[BlackElo "2209"]
[WhiteFideId "-1"]
[BlackFideId "-1"]
[PlyCount "66"]
[GameId "2129404750129820"]
[EventDate "2020.01.09"]
[EventType "swiss"]
[EventRounds "9"]
[EventCountry "UKR"]
[SourceTitle "10 Days #603"]
[Source "ChessMix"]
[SourceDate "2020.01.20"]
[SourceVersion "1"]
[SourceVersionDate "2020.01.20"]
[SourceQuality "1"]

1. d4 {[%emt 0:15:17]} Nf6 {[%emt 0:00:22]} 2. c4 {[%emt 0:00:22]} g6 {[%emt 0:00:10]} 3. Nc3 {[%emt 0:00:24]} Bg7 4. e4 {[%emt 0:00:23]} d6 5. Nf3 {[%emt 0:00:04]} O-O {[%emt 0:00:18]} 6. Be2 {[%emt 0:00:04]} e5 7. dxe5 {[%emt 0:00:11]} dxe5 {[%emt 0:00:25]} 8. O-O {[%emt 0:00:36]} Na6 {[%emt 0:08:25]} 9. Qc2 {[%emt 0:03:09]} Qe8 {[%emt 0:07:27]} 10. Rb1 {[%emt 0:08:31]} Nc5 {[%emt 0:00:56]} 11. Nd5 {[%emt 0:16:26]} Nxd5 {[%emt 0:02:49]} 12. cxd5 Nxe4 {[%emt 0:00:06]} 13. Qxc7 {[%emt 0:00:37]} Qd8 {[%emt 0:00:56]} 14. Qc4 {[%emt 0:04:32]} Bf5 {[%emt 0:00:52]} 15. Ra1 {[%emt 0:00:35]} Rc8 {[%emt 0:00:33]} 16. Qb5 {[%emt 0:03:32]} Nd6 {[%emt 0:00:47]} 17. Qb3 {[%emt 0:01:35]} Bc2 {[%emt 0:06:05]} 18. Qe3 {[%emt 0:03:01]} Nf5 {[%emt 0:00:19]} 19. Qxa7 {[%emt 0:00:40]} Qxd5 {[%emt 0:02:22]} 20. Ne1 {[%emt 0:00:10]} Nd4 {[%emt 0:00:44]} 21. Bf3 {[%emt 0:02:44]} e4 {[%emt 0:00:11]} 22. Nxc2 {[%emt 0:00:48]} Nxc2 {[%emt 0:00:58]} 23. Rd1 {[%emt 0:00:14]} Qe6 {[%emt 0:00:42]} 24. Rb1 {[%emt 0:00:49]} exf3 {[%emt 0:00:05]} 25. gxf3 {[%emt 0:01:44]} Nd4 {[%emt 0:00:50]} 26. Qxb7 {[%emt 0:01:18]} Qh3 {[%emt 0:00:22]} 27. Bf4 {[%emt 0:00:48]} Ne2+ {[%emt 0:00:08]} 28. Kh1 {[%emt 0:00:36]} Nxf4 29. Rg1 {[%emt 0:00:04]} Rc5 {[%emt 0:01:10]} 30. Rg3 {[%emt 0:00:32]} Rfc8 {[%emt 0:00:14]} 31. Qe4 {[%emt 0:00:45]} Rc1+ {[%emt 0:00:51]} 32. Qe1 Rxe1+ {[%emt 0:00:11]} 33. Rxe1 {[%emt 0:00:11]} Qh4 {[%emt 0:00:15]} 0-1

[Event "Mukachevo Christmas op"]
[Site "Mukachevo UKR"]
[Date "2020.01.11"]
[Round "6.3"]
[White "Smykalo, Severyn"]
[Black "Keleberda, Tymur"]
[Result "0-1"]
[WhiteElo "1831"]
[BlackElo "1939"]
[WhiteFideId "-1"]
[BlackFideId "-1"]
[PlyCount "104"]
[GameId "2129404750129832"]
[EventDate "2020.01.09"]
[EventType "swiss"]
[EventRounds "9"]
[EventCountry "UKR"]
[SourceTitle "10 Days #603"]
[Source "ChessMix"]
[SourceDate "2020.01.20"]
[SourceVersion "1"]
[SourceVersionDate "2020.01.20"]
[SourceQuality "1"]

1. d4 {[%emt 0:00:05]} d5 2. Nf3 {[%emt 0:00:27]} Nf6 {[%emt 0:00:58]} 3. Bf4 {[%emt 0:01:02]} e6 {[%emt 0:01:33]} 4. e3 {[%emt 0:05:13]} Be7 5. Bd3 O-O 6. Nbd2 Nbd7 7. Ne5 c5 {[%emt 0:00:36]} 8. c3 {[%emt 0:03:22]} Qb6 {[%emt 0:17:17]} 9. Qc2 {[%emt 0:05:13]} h6 {[%emt 0:01:09]} 10. O-O {[%emt 0:01:10]} Nh5 {[%emt 0:01:40]} 11. Nxd7 {[%emt 0:00:46]} Bxd7 {[%emt 0:00:11]} 12. dxc5 {[%emt 0:00:34]} Qxc5 {[%emt 0:01:07]} 13. Be5 {[%emt 0:05:08]} Bd6 14. Bxd6 Qxd6 15. Rae1 Nf6 16. Be2 Qb6 17. Qb3 Qxb3 18. axb3 e5 19. b4 Rfe8 20. Rb1 a5 21. bxa5 Rxa5 22. Ra1 Rea8 23. Rxa5 Rxa5 24. Nf3 Bg4 25. h3 Bxf3 26. Bxf3 Ra2 27. Rb1 Kf8 28. Kf1 Ke7 29. Ke1 e4 30. Be2 Ke6 31. Kd2 Nd7 32. Bg4+ f5 33. Be2 Ne5 34. f4 exf3 35. gxf3 g5 36. Kc2 Ra4 37. b4 Ra2+ 38. Rb2 Rxb2+ 39. Kxb2 Nc4+ 40. Bxc4 dxc4 41. Kc2 h5 42. Kd2 g4 43. Ke2 Ke5 44. b5 g3 45. h4 f4 46. b6 g2 47. exf4+ Kxf4 48. Kf2 g1=Q+ 49. Kxg1 Kxf3 50. Kf1 Ke3 51. Ke1 Kd3 52. Kd1 Kxc3 0-1

[Event "Mukachevo Christmas op"]
[Site "Mukachevo UKR"]
[Date "2020.01.12"]
[Round "7.3"]
[White "Keleberda, Tymur"]
[Black "Ivanytska, Liudmyla"]
[Result "1-0"]
[WhiteElo "1939"]
[BlackElo "1652"]
[WhiteFideId "-1"]
[BlackFideId "-1"]
[PlyCount "157"]
[GameId "2129404750129841"]
[EventDate "2020.01.09"]
[EventType "swiss"]
[EventRounds "9"]
[EventCountry "UKR"]
[SourceTitle "10 Days #603"]
[Source "ChessMix"]
[SourceDate "2020.01.20"]
[SourceVersion "1"]
[SourceVersionDate "2020.01.20"]
[SourceQuality "1"]

1. d4 d6 2. e4 {[%emt 0:00:05]} Nf6 3. Nc3 Nbd7 4. Nf3 e5 5. dxe5 {[%emt 0:00:04]} dxe5 6. Bc4 c6 7. a4 Bc5 8. O-O {[%emt 0:00:04]} O-O 9. Qe2 Qe7 10. a5 Bb4 {[%emt 0:00:05]} 11. Nd1 Qd8 12. Bd2 Bxd2 13. Nxd2 Nc5 {[%emt 0:00:04]} 14. c3 Ne6 15. g3 Ng5 16. h4 Qxd2 17. hxg5 {[%emt 0:00:05]} Qxe2 18. Bxe2 Nxe4 19. g6 hxg6 {[%emt 0:00:05]} 20. Ne3 Be6 21. Rfe1 Nd2 22. Ra4 b5 23. axb6 {[%emt 0:00:05]} axb6 24. Rea1 Rab8 25. Ra7 Nb3 {[%emt 0:00:05]} 26. R1a4 Rfd8 27. Rc7 Rd2 28. Bf3 Nc5 {[%emt 0:00:05]} 29. Raa7 Rxb2 30. Bxc6 Nd3 31. Bd5 Bxd5 {[%emt 0:00:04]} 32. Nxd5 Rf8 33. f3 Ne1 34. Kf1 Nxf3 {[%emt 0:00:05]} 35. Rcb7 Ng5 36. Rxb6 Rxb6 37. Nxb6 Ne4 {[%emt 0:00:05]} 38. c4 Rb8 39. Nd7 Nd2+ 40. Ke2 Rb2 41. Kd3 {[%emt 0:01:14]} e4+ {[%emt 0:01:00]} 42. Kc3 {[%emt 0:00:05]} Nxc4 {[%emt 0:00:08]} 43. Kxc4 {[%emt 0:00:15]} e3 {[%emt 0:00:11]} 44. Ne5 {[%emt 0:01:16]} Rg2 {[%emt 0:00:36]} 45. Ra8+ {[%emt 0:00:42]} Kh7 {[%emt 0:00:13]} 46. Nxf7 {[%emt 0:00:13]} g5 {[%emt 0:00:09]} 47. Nxg5+ {[%emt 0:00:49]} Kg6 48. Ne4 {[%emt 0:00:33]} Rb2 {[%emt 0:00:55]} 49. Ra3 {[%emt 0:00:35]} e2 {[%emt 0:00:35]} 50. Re3 {[%emt 0:00:06]} Kf5 {[%emt 0:00:08]} 51. Kd3 {[%emt 0:00:42]} g6 {[%emt 0:00:47]} 52. Nc3 {[%emt 0:00:18]} Kg4 {[%emt 0:00:40]} 53. Nxe2 {[%emt 0:00:48]} Rb3+ 54. Kd4 {[%emt 0:00:16]} Rb8 {[%emt 0:00:09]} 55. Kd3 {[%emt 0:00:49]} Rb3+ {[%emt 0:00:13]} 56. Kd2 {[%emt 0:00:07]} Rb1 {[%emt 0:00:16]} 57. Rc3 {[%emt 0:00:40]} Rf1 {[%emt 0:00:12]} 58. Rc4+ {[%emt 0:00:36]} Kg5 {[%emt 0:00:18]} 59. Ke3 {[%emt 0:00:15]} Rd1 {[%emt 0:00:37]} 60. Kf2 {[%emt 0:00:26]} Rd2 {[%emt 0:00:05]} 61. Rd4 {[%emt 0:00:06]} Ra2 {[%emt 0:00:07]} 62. Re4 {[%emt 0:00:17]} Kf5 {[%emt 0:00:13]} 63. Kf3 {[%emt 0:00:39]} Ra3+ {[%emt 0:00:14]} 64. Re3 Ra4 {[%emt 0:00:04]} 65. Rd3 {[%emt 0:00:34]} Ra5 66. Nf4 {[%emt 0:00:47]} Ra6 {[%emt 0:00:16]} 67. Rd5+ {[%emt 0:00:40]} Kf6 68. Kg4 {[%emt 0:00:08]} Rb6 {[%emt 0:00:35]} 69. Rg5 {[%emt 0:00:18]} Kf7 {[%emt 0:00:05]} 70. Re5 {[%emt 0:00:18]} Rb4 {[%emt 0:00:19]} 71. Kg5 {[%emt 0:00:15]} Rb3 {[%emt 0:00:13]} 72. g4 {[%emt 0:00:05]} Rb6 {[%emt 0:00:11]} 73. Re7+ {[%emt 0:00:16]} Kf8 {[%emt 0:00:21]} 74. Re6 {[%emt 0:00:07]} Rb5+ {[%emt 0:00:14]} 75. Kxg6 {[%emt 0:00:45]} Rb4 {[%emt 0:00:09]} 76. Rf6+ {[%emt 0:00:22]} Kg8 {[%emt 0:00:16]} 77. g5 {[%emt 0:00:06]} Rb8 {[%emt 0:00:21]} 78. Ne6 {[%emt 0:00:07]} Re8 {[%emt 0:00:05]} 79. Rf8+ {[%emt 0:00:23]} 1-0

[Event "Mukachevo Christmas op"]
[Site "Mukachevo UKR"]
[Date "2020.01.12"]
[Round "8.2"]
[White "Biletskyy, Dmytro"]
[Black "Keleberda, Tymur"]
[Result "1/2-1/2"]
[WhiteElo "1692"]
[BlackElo "1939"]
[WhiteFideId "-1"]
[BlackFideId "-1"]
[PlyCount "57"]
[GameId "2130307599072408"]
[EventDate "2020.01.09"]
[EventType "swiss"]
[EventRounds "9"]
[EventCountry "UKR"]
[SourceTitle "10 Days #603"]
[Source "ChessMix"]
[SourceDate "2020.01.20"]
[SourceVersion "1"]
[SourceVersionDate "2020.01.20"]
[SourceQuality "1"]

1. e4 c5 2. Nf3 e6 3. c3 d5 4. exd5 exd5 5. d4 Nc6 6. Bf4 Bd6 7. Bxd6 Qxd6 8. dxc5 Qxc5 9. Bd3 Nge7 10. O-O Bg4 11. Nbd2 O-O 12. Bxh7+ Kh8 13. Bd3 Ne5 14. Qa4 Nxd3 15. Qxg4 Kg8 16. Nb3 Qb6 17. Rab1 Rae8 18. Nbd4 Qg6 19. Qxg6 Nxg6 20. g3 Nc5 21. Rbd1 Ne4 22. Nf5 Nf6 23. Rfe1 Re6 24. Ng5 Ra6 25. a3 Rb6 26. Rd2 Rb5 27. Ne7+ Nxe7 28. Rxe7 d4 29. Ne4 1/2-1/2

[Event "Lviv Cup"]
[Site "Lviv UKR"]
[Date "2019.08.18"]
[Round "1.1"]
[White "Bogdanovich, Stanislav"]
[Black "Keleberda, Tymur"]
[Result "1-0"]
[WhiteElo "2603"]
[BlackElo "1861"]
[WhiteFideId "-1"]
[BlackFideId "-1"]
[PlyCount "63"]
[GameId "2130307604699220"]
[EventDate "2019.08.18"]
[EventType "swiss"]
[EventRounds "9"]
[EventCountry "UKR"]
[SourceTitle "10 Days #589"]
[Source "ChessMix"]
[SourceDate "2019.09.01"]
[SourceVersion "1"]
[SourceVersionDate "2019.09.01"]
[SourceQuality "1"]

1. f4 d5 2. Nf3 Nf6 3. e3 g6 4. b4 Bg7 5. Bb2 c6 6. Be2 O-O 7. O-O Bg4 8. c4 Nbd7 9. Qb3 Re8 10. Nc3 e6 11. a3 Qc7 12. Rac1 dxc4 13. Bxc4 Rad8 14. Ne5 Bf5 15. d4 Ne4 16. Nf3 Nxc3 17. Rxc3 Nb6 18. Be2 Nd5 19. Rcc1 a5 20. bxa5 Qxa5 21. Rfd1 Qa7 22. Nd2 e5 23. fxe5 Bxe5 24. dxe5 Nxe3 25. Kh1 Nxd1 26. Rxd1 Qf2 27. e6 fxe6 28. Qxb7 e5 29. Bc4+ Be6 30. Rf1 Qxg2+ 31. Kxg2 Rxd2+ 32. Kg1 1-0